[Event "PAR-ch sf"]
[Site "Asuncion"]
[Date "2019.09.08"]
[Round "4"]
[White "Arce Escobar, Fernando"]
[Black "Ramirez, Jorge Guillermo"]
[Result "1/2-1/2"]
[WhiteElo "1573"]
[BlackElo "1861"]
[PlyCount "108"]
[EventDate "2019.09.06"]
[EventType "swiss"]
[EventRounds "9"]
[EventCountry "PAR"]
[SourceTitle "EXT 2020"]
[Source "ChessBase"]
[SourceDate "2019.10.17"]
[SourceVersion "1"]
[SourceVersionDate "2019.10.17"]
[SourceQuality "1"]

1. c4 Nf6 2. Nc3 g6 3. d4 Bg7 4. Nf3 0-0 5. e3 d6 6. Bd3 Nbd7 7. 0-0 e5 8. Qc2 c6 9. b3 Qc7 10. Bb2 Re8 11. Rac1 Nf8 12. h3 Ne6 13. Rfe1 Bd7 14. Qb1 exd4 15. Nxd4 Nxd4 16. exd4 Nh5 17. Ne2 Qa5 18. c5 d5 19. Bc3 Qc7 20. Bd2 f5 21. g3 Nf6 22. Bf4 Qd8 23. Kg2 Nh5 24. Bd2 Qc8 25. Nf4 Nxf4+ 26. Bxf4 Bxd4 27. Rxe8+ Qxe8 28. Re1 Qf7 29. Bd6 Be6 30. Qc2 Re8 31. Qd2 Bg7 32. Qa5 a6 33. Qb4 d4 34. Rxe6 Rxe6 35. Bc4 Bf8 36. Be5 d3 37. Qc3 Qd7 38. Bd4 Bg7 39. Qxd3 Qxd4 40. Qxd4 Bxd4 41. Bxe6+ Kf8 42. Bc8 Bxc5 43. Bxb7 a5 44. Bxc6 Ke7 45. Bd5 h6 46. h4 Kd6 47. Bc4 Ke5 48. f4+ Kf6 49. Kf3 g5 50. fxg5+ hxg5 51. hxg5+ Kxg5 52. Bd5 Bd6 53. Bc4 Bb4 54. Bd5 Be7 1/2-1/2

[Event "PAR-ch sf"]
[Site "Asuncion"]
[Date "2019.09.08"]
[Round "5"]
[White "Pereira, Sergio1"]
[Black "Ramirez, Jorge Guillermo"]
[Result "1-0"]
[WhiteElo "2098"]
[BlackElo "1861"]
[PlyCount "105"]
[EventDate "2019.09.06"]
[EventType "swiss"]
[EventRounds "9"]
[EventCountry "PAR"]
[SourceTitle "EXT 2020"]
[Source "ChessBase"]
[SourceDate "2019.10.17"]
[SourceVersion "1"]
[SourceVersionDate "2019.10.17"]
[SourceQuality "1"]

1. d4 Nf6 2. c4 g6 3. Nc3 Bg7 4. e4 d6 5. h3 0-0 6. Be3 e5 7. d5 Na6 8. Nf3 Nc5 9. Nd2 a5 10. g4 Ne8 11. h4 f5 12. g5 f4 13. Bxc5 dxc5 14. Qf3 Nd6 15. Bh3 Bxh3 16. Rxh3 Qd7 17. a4 h6 18. h5 hxg5 19. Qh1 g4 20. Rh2 g5 21. h6 Bf6 22. h7+ Kh8 23. Qg2 Rf7 24. 0-0-0 Kg7 25. Rg1 Rh8 26. Qxg4 Qxg4 27. Rxg4 Rxh7 28. Rhg2 Rh3 29. Kc2 Kg6 30. Nb5 Rfh7 31. Kd1 Rh1+ 32. Rg1 Nxb5 33. cxb5 R7h4 34. Nc4 Rxg1+ 35. Rxg1 f3 36. Re1 Rh2 37. Rf1 Rh4 38. Re1 Rh2 39. Rf1 Rh4 40. Nd2 Rf4 41. Kc2 Be7 42. Kd3 Bd6 43. Rh1 g4 44. b3 Rf7 45. Nf1 Kg5 46. Ng3 b6 47. Nf1 Rf6 48. Ne3 Kf4 49. Rh4 Rg6 50. Rh5 Rg5 51. Rh6 Rg7 52. Nf5 Kg5 53. Rxd6 1-0

[Event "PAR-ch sf"]
[Site "Asuncion"]
[Date "2019.09.06"]
[Round "1"]
[White "Ramirez, Jorge Guillermo"]
[Black "Frutos Moreno, Carlos Manuel"]
[Result "1-0"]
[WhiteElo "1861"]
[BlackElo "1439"]
[PlyCount "99"]
[EventDate "2019.09.06"]
[EventType "swiss"]
[EventRounds "9"]
[EventCountry "PAR"]
[SourceTitle "EXT 2020"]
[Source "ChessBase"]
[SourceDate "2019.10.17"]
[SourceVersion "1"]
[SourceVersionDate "2019.10.17"]
[SourceQuality "1"]

1. g3 d6 2. Bg2 g6 3. Nf3 Bg7 4. d4 Nf6 5. 0-0 0-0 6. c4 Nfd7 7. Nc3 e5 8. e4 Nc6 9. dxe5 Ndxe5 10. Nxe5 Nxe5 11. Qe2 Be6 12. Nd5 Nxc4 13. Qxc4 c6 14. Bf4 cxd5 15. exd5 Bf5 16. Qb4 Be5 17. Bxe5 dxe5 18. Rfe1 a5 19. Qb3 Qe7 20. Rad1 Rfd8 21. Qc3 f6 22. f4 Rac8 23. Qxa5 Rc5 24. Qb4 Qc7 25. fxe5 fxe5 26. Rxe5 Qxe5 27. Qxc5 Rc8 28. Qd4 Qxd4+ 29. Rxd4 Rc1+ 30. Kf2 Rc2+ 31. Kf3 Rxb2 32. d6 Bd7 33. Bf1 Kf7 34. Bc4+ Kf6 35. h4 Rb4 36. Ke4 b5 37. Bb3 Bf5+ 38. Ke3 Rxd4 39. Kxd4 Bd7 40. Kc5 Ke5 41. Bd5 b4 42. Bc6 Ke6 43. Bxd7+ Kxd7 44. Kd5 h6 45. g4 h5 46. g5 Kd8 47. Ke6 Ke8 48. Kf6 Kd7 49. Kxg6 Kxd6 50. Kf7 1-0

[Event "Ponta Pora-ch"]
[Site "Ponta Pora"]
[Date "2019.07.21"]
[Round "4"]
[White "Bogarin, Lilio Moreira"]
[Black "Ramirez, Jorge Guillermo"]
[Result "1/2-1/2"]
[WhiteElo "1824"]
[BlackElo "1843"]
[PlyCount "20"]
[EventDate "2019.07.19"]
[EventType "swiss"]
[EventRounds "5"]
[EventCountry "BRA"]
[SourceTitle "EXT 2020"]
[Source "ChessBase"]
[SourceDate "2019.10.17"]
[SourceVersion "1"]
[SourceVersionDate "2019.10.17"]
[SourceQuality "1"]

1. d4 Nf6 2. Nf3 d5 3. Bg5 e6 4. Nbd2 Be7 5. e3 b6 6. Bd3 Ba6 7. Bxa6 Nxa6 8. 0-0 0-0 9. c3 c5 10. Re1 Rb8 1/2-1/2

[Event "Ponta Pora-ch"]
[Site "Ponta Pora"]
[Date "2019.07.20"]
[Round "2"]
[White "Ramirez, Jorge Guillermo"]
[Black "Barrios Cordoba, Bernardo Andres"]
[Result "1-0"]
[WhiteElo "1843"]
[BlackElo "1800"]
[PlyCount "99"]
[EventDate "2019.07.19"]
[EventType "swiss"]
[EventRounds "5"]
[EventCountry "BRA"]
[SourceTitle "EXT 2020"]
[Source "ChessBase"]
[SourceDate "2019.10.17"]
[SourceVersion "1"]
[SourceVersionDate "2019.10.17"]
[SourceQuality "1"]

1. e4 e5 2. Nf3 Nc6 3. Bb5 Nd4 4. Nxd4 exd4 5. 0-0 c6 6. Bc4 Be7 7. d3 Qc7 8. Nd2 Nf6 9. Nf3 d5 10. exd5 cxd5 11. Bb5+ Bd7 12. Bxd7+ Qxd7 13. Nxd4 0-0 14. Qf3 Qg4 15. Bf4 Rfe8 16. h3 Qxf3 17. Nxf3 Nh5 18. Bh2 h6 19. c4 dxc4 20. dxc4 Rac8 21. b3 Bc5 22. a3 a6 23. b4 Ba7 24. Rac1 Re2 25. c5 Ra2 26. Rc3 Nf6 27. Ne5 a5 28. Nc4 axb4 29. axb4 Nd5 30. Rb3 Ra4 31. Nd6 Rc7 32. Rd1 Rxb4 33. Rxb4 Nxb4 34. Nb5 Rxc5 35. Nxa7 Ra5 36. Nc8 Nc2 37. Rc1 Ra1 38. Rxa1 Nxa1 39. Nd6 b6 40. Bf4 Nc2 41. Be3 Nxe3 42. fxe3 Kf8 43. Kf2 g6 44. Ke2 f5 45. Kd3 Kg7 46. Kc4 Kf6 47. Kd5 Kg5 48. g3 h5 49. Ke5 Kh6 50. h4 1-0

[Event "Florianopolis op 4th"]
[Site "Florianopolis"]
[Date "2018.01.25"]
[Round "10"]
[White "Ramirez, Jorge Guillermo"]
[Black "De Carvalho, Christopher"]
[Result "0-1"]
[WhiteElo "1847"]
[BlackElo "2113"]
[PlyCount "74"]
[EventDate "2018.01.19"]
[EventType "swiss"]
[EventRounds "10"]
[EventCountry "BRA"]
[SourceTitle "EXT 2019"]
[Source "ChessBase"]
[SourceDate "2018.10.10"]
[SourceVersion "1"]
[SourceVersionDate "2018.10.10"]
[SourceQuality "1"]

1. Nf3 d5 2. g3 c6 3. Bg2 Bg4 4. 0-0 Nd7 5. d3 Ngf6 6. Nbd2 e6 7. e4 dxe4 8. dxe4 e5 9. c3 Be7 10. Qc2 0-0 11. Nc4 Qc7 12. a4 a5 13. Ne3 Bh5 14. Nf5 Bc5 15. Rb1 Rfe8 16. Be3 Rad8 17. h3 Bf8 18. g4 Bg6 19. N3h4 Nc5 20. Bg5 Ne6 21. Bxf6 gxf6 22. Rbd1 Nf4 23. Kh2 Qb6 24. Bf3 Bc5 25. Nh6+ Kf8 26. Kg3 Qa6 27. b4 Ba7 28. Nxg6+ hxg6 29. Qa2 Ne6 30. Be2 Qb6 31. Rxd8 Rxd8 32. Bc4 Rd6 33. h4 Kg7 34. Bxe6 fxe6 35. g5 Qd8 36. Ng4 fxg5 37. Nxe5 Qf6 0-1

[Event "Florianopolis op 4th"]
[Site "Florianopolis"]
[Date "2018.01.20"]
[Round "2"]
[White "Ramirez, Jorge Guillermo"]
[Black "Wilberger, Marcelo"]
[Result "1-0"]
[WhiteElo "1847"]
[BlackElo "1689"]
[PlyCount "55"]
[EventDate "2018.01.19"]
[EventType "swiss"]
[EventRounds "10"]
[EventCountry "BRA"]
[SourceTitle "CBM 182 Extra"]
[Source "ChessBase"]
[SourceDate "2018.02.23"]
[SourceVersion "1"]
[SourceVersionDate "2018.02.23"]
[SourceQuality "1"]

1. e4 c5 2. c4 Nc6 3. Nc3 g6 4. g3 Bg7 5. Bg2 Nf6 6. d3 0-0 7. Nge2 Ne8 8. 0-0 Nc7 9. Be3 Ne6 10. Qd2 Ned4 11. f4 d6 12. f5 gxf5 13. Bh6 e5 14. Rf2 Be6 15. Bxg7 Kxg7 16. exf5 Nxf5 17. Raf1 Nfd4 18. Rf6 Qxf6 19. Rxf6 Kxf6 20. Nd5+ Bxd5 21. Bxd5 Rab8 22. Nc3 a6 23. Qh6+ Ke7 24. Ne4 Ne6 25. Qf6+ Kd7 26. Bxe6+ fxe6 27. Qg7+ Ne7 28. Nf6+ 1-0

[Event "PAR-ch sf"]
[Site "Asuncion"]
[Date "2017.08.15"]
[Round "7"]
[White "Ramirez, Jorge Guillermo"]
[Black "Jodorcovsky, Paulo Leonardo"]
[Result "1/2-1/2"]
[WhiteElo "1813"]
[BlackElo "1596"]
[PlyCount "75"]
[EventDate "2017.08.11"]
[EventType "swiss"]
[EventRounds "9"]
[EventCountry "PAR"]
[SourceTitle "CBM 180 Extra"]
[Source "ChessBase"]
[SourceDate "2017.10.06"]
[SourceVersion "1"]
[SourceVersionDate "2017.10.06"]
[SourceQuality "1"]

1. Nf3 Nf6 2. g3 d5 3. Bg2 Bf5 4. 0-0 e6 5. d3 h6 6. b3 Be7 7. Bb2 0-0 8. Nbd2 c5 9. Re1 Nc6 10. e4 dxe4 11. dxe4 Bh7 12. Qe2 Rc8 13. Rad1 Nd4 14. Nxd4 cxd4 15. Nc4 b5 16. Rxd4 Qc7 17. Na3 Qa5 18. Qd2 Qb6 19. c4 Bc5 20. e5 Rfd8 21. Rxd8+ Rxd8 22. Qf4 Nh5 23. Qf3 Qa5 24. Bc3 Qxa3 25. Qxh5 Qxa2 26. Qe2 Qxb3 27. Ba5 Rd4 28. cxb5 Bd3 29. Qf3 Qxb5 30. Bc3 Rd7 31. Qa8+ Kh7 32. Bc6 Qb6 33. Bxd7 Bxf2+ 34. Kg2 Bxe1 35. Bxe1 Qb2+ 36. Bf2 Qe2 37. Bc6 Qf1+ 38. Kf3 1/2-1/2

[Event "PAR-ch U20"]
[Site "Asuncion"]
[Date "2017.03.11"]
[Round "4"]
[White "Cantero, Rodolfo"]
[Black "Ramirez, Jorge Guillermo"]
[Result "1/2-1/2"]
[WhiteElo "1995"]
[BlackElo "1795"]
[PlyCount "120"]
[EventDate "2017.03.10"]
[EventType "swiss"]
[EventRounds "7"]
[EventCountry "PAR"]
[SourceTitle "CBM 177 Extra"]
[Source "ChessBase"]
[SourceDate "2017.04.27"]
[SourceVersion "1"]
[SourceVersionDate "2017.04.27"]
[SourceQuality "1"]

1. e4 c5 2. Nf3 Nc6 3. d4 cxd4 4. Nxd4 Nf6 5. Nc3 e5 6. Ndb5 d6 7. Bg5 a6 8. Na3 b5 9. Nd5 Be7 10. Bxf6 Bxf6 11. c4 b4 12. Nc2 0-0 13. Be2 Bg5 14. Qd3 Rb8 15. b3 f5 16. Bf3 g6 17. 0-0 Be6 18. Rfd1 Qd7 19. a3 bxa3 20. Rxa3 a5 21. Nc3 Nb4 22. Qe2 Qc7 23. Rda1 Qb6 24. Nxb4 Qxb4 25. Nb5 Bd8 26. Qd3 fxe4 27. Bxe4 Bb6 28. R3a2 Rf6 29. Qxd6 Qxd6 30. Nxd6 Bd4 31. Rb1 Bd7 32. Bd5+ Kg7 33. Nb7 Rbf8 34. Rf1 Bf5 35. Bf3 e4 36. g4 Bc8 37. Bxe4 Rf4 38. Bd5 Bxg4 39. Bg2 Bf5 40. Nxa5 Bd3 41. Nc6 Bb6 42. Rd1 Rxf2 43. Rxf2 Bxf2+ 44. Kh1 Be2 45. Rd8 Rf3 46. Rd7+ Kh6 47. Rd2 Re3 48. Nd4 Bd3 49. Nf3 Be1 50. Rxd3 Rxd3 51. Nxe1 Rd1 52. Bd5 Rxe1+ 53. Kg2 Kg7 54. b4 Kf6 55. b5 Ke5 56. b6 Kd6 57. b7 Kc7 58. c5 Rc1 59. c6 Rc3 60. Bf3 g5 1/2-1/2

[Event "Asuncion Clasificatorio op 3rd"]
[Site "Asuncion"]
[Date "2017.02.27"]
[Round "7"]
[White "Ramirez, Jorge Guillermo"]
[Black "Battaglia, Jose"]
[Result "1-0"]
[WhiteElo "1795"]
[BlackElo "1764"]
[PlyCount "73"]
[EventDate "2017.02.24"]
[EventType "swiss"]
[EventRounds "7"]
[EventCountry "PAR"]
[SourceTitle "CBM 177 Extra"]
[Source "ChessBase"]
[SourceDate "2017.04.27"]
[SourceVersion "1"]
[SourceVersionDate "2017.04.27"]
[SourceQuality "1"]

1. Nf3 d5 2. g3 Nf6 3. Bg2 e6 4. 0-0 Be7 5. d3 0-0 6. Nbd2 Nbd7 7. e4 dxe4 8. dxe4 Re8 9. c3 c6 10. Qc2 Nf8 11. Rd1 Qc7 12. Nc4 Ng6 13. a4 b6 14. h4 Bc5 15. b4 Be7 16. Be3 Ba6 17. Bf1 Ng4 18. Bg5 Bxc4 19. Bxc4 N6e5 20. Nxe5 Nxe5 21. Bxe7 Qxe7 22. Be2 Red8 23. Kg2 f6 24. Rd4 c5 25. Rxd8+ Rxd8 26. b5 g6 27. a5 Qc7 28. axb6 axb6 29. f4 Nf7 30. Bc4 e5 31. fxe5 Qxe5 32. Ra7 Rf8 33. Kh2 g5 34. hxg5 Qxg5 35. Qd3 f5 36. exf5 Rd8 37. Rd7 1-0

[Event "PAR-ch op"]
[Site "Asuncion"]
[Date "2016.10.22"]
[Round "2"]
[White "Ramirez, Jorge Guillermo"]
[Black "Villalba, Marcelo"]
[Result "0-1"]
[WhiteElo "1779"]
[BlackElo "2254"]
[PlyCount "64"]
[EventDate "2016.10.21"]
[EventType "swiss"]
[EventRounds "9"]
[EventCountry "PAR"]
[SourceTitle "EXT 2018"]
[Source "ChessBase"]
[SourceDate "2017.10.13"]
[SourceVersion "1"]
[SourceVersionDate "2017.10.13"]
[SourceQuality "1"]

1. e4 e5 2. Nf3 d6 3. d4 Nd7 4. Nc3 Ngf6 5. Bc4 Be7 6. 0-0 0-0 7. dxe5 dxe5 8. h3 c6 9. a4 b6 10. Be3 Qc7 11. Qe2 Nc5 12. Rfd1 a6 13. b4 Ne6 14. a5 b5 15. Bb6 Qb8 16. Bxe6 Bxe6 17. Rab1 Nd7 18. Be3 Rd8 19. Ng5 Bc4 20. Qg4 Nf6 21. Rxd8+ Qxd8 22. Qg3 Qf8 23. Nd1 Bxb4 24. c3 Bd6 25. Nf3 Nxe4 26. Qh4 f5 27. Nb2 Be7 28. Ng5 h6 29. Nxc4 Bxg5 30. Qh5 bxc4 31. Qe2 Bxe3 32. Qxe3 Qc5 0-1

[Event "Ciudad del Este qual 5th"]
[Site "Ciudad del Este"]
[Date "2016.08.14"]
[Round "5.5"]
[White "Sanabria, Mauricio"]
[Black "Ramirez, Jorge Guillermo"]
[Result "0-1"]
[WhiteElo "1545"]
[BlackElo "1814"]
[PlyCount "46"]
[EventDate "2016.08.12"]
[EventType "swiss"]
[EventRounds "7"]
[EventCountry "PAR"]
[SourceTitle "EXT 2023"]
[Source "ChessBase"]
[SourceDate "2022.10.05"]
[SourceVersion "1"]
[SourceVersionDate "2022.10.05"]
[SourceQuality "1"]

1. e4 c5 2. Nc3 a6 3. f4 b5 4. Nf3 Bb7 5. d3 e6 6. Be2 d5 7. exd5 exd5 8. 0-0 Nf6 9. Ne5 Bd6 10. Bf3 0-0 11. g4 b4 12. Ne2 Bxe5 13. fxe5 Nfd7 14. Nf4 Nxe5 15. Nh5 Ng6 16. Qd2 Nd7 17. Qg2 Nde5 18. Bh6 Nh4 19. Qg3 Nexf3+ 20. Rxf3 Nxf3+ 21. Qxf3 gxh6 22. Nf6+ Kg7 23. Qf5 Qxf6 0-1

[Event "Ciudad del Este qual 5th"]
[Site "Ciudad del Este"]
[Date "2016.08.13"]
[Round "3.1"]
[White "Nunes, Sidney Jr"]
[Black "Ramirez, Jorge Guillermo"]
[Result "1-0"]
[WhiteElo "2070"]
[BlackElo "1814"]
[PlyCount "43"]
[EventDate "2016.08.12"]
[EventType "swiss"]
[EventRounds "7"]
[EventCountry "PAR"]
[SourceTitle "EXT 2023"]
[Source "ChessBase"]
[SourceDate "2022.10.05"]
[SourceVersion "1"]
[SourceVersionDate "2022.10.05"]
[SourceQuality "1"]

1. e4 c5 2. Nf3 Nc6 3. Bb5 g6 4. 0-0 Bg7 5. c3 Nf6 6. e5 Nd5 7. d4 cxd4 8. cxd4 0-0 9. Nc3 Nxc3 10. bxc3 Qa5 11. Qb3 a6 12. Be2 d6 13. exd6 exd6 14. Bf4 d5 15. Rfe1 b6 16. Bd6 Re8 17. Bb4 Rxe2 18. Bxa5 Rxe1+ 19. Rxe1 Nxa5 20. Qxb6 Nc4 21. Re8+ Bf8 22. Qc5 1-0

[Event "Campo Grande Caissa 2nd"]
[Site "Campo Grande"]
[Date "2016.05.15"]
[Round "8"]
[White "Fedrizzi, Roberto Senatore"]
[Black "Ramirez, Jorge Guillermo"]
[Result "1-0"]
[WhiteElo "1978"]
[BlackElo "1690"]
[PlyCount "51"]
[EventDate "2016.05.12"]
[EventType "tourn"]
[EventRounds "9"]
[EventCountry "BRA"]
[SourceTitle "EXT 2018"]
[Source "ChessBase"]
[SourceDate "2017.10.13"]
[SourceVersion "1"]
[SourceVersionDate "2017.10.13"]
[SourceQuality "1"]

1. e4 c5 2. f4 d6 3. Nf3 Nc6 4. Bc4 Nf6 5. Nc3 Bg4 6. h3 Bxf3 7. Qxf3 Nd4 8. Qd1 a6 9. a4 e6 10. 0-0 Be7 11. d3 d5 12. Ba2 Rb8 13. Be3 0-0 14. f5 exf5 15. e5 Nd7 16. Nxd5 Nxe5 17. c3 Ndc6 18. Rxf5 b5 19. Bf4 Bd6 20. Qh5 Nxd3 21. Bxd6 Qxd6 22. Raf1 Nde5 23. Rf6 Qd7 24. Rh6 Ne7 25. Nxe7+ Qxe7 26. Rxh7 1-0

[Event "Campo Grande Caissa 2nd"]
[Site "Campo Grande"]
[Date "2016.05.15"]
[Round "9"]
[White "Ramirez, Jorge Guillermo"]
[Black "Felicio, Leonardo Demetrio"]
[Result "1/2-1/2"]
[WhiteElo "1690"]
[BlackElo "1997"]
[PlyCount "63"]
[EventDate "2016.05.12"]
[EventType "tourn"]
[EventRounds "9"]
[EventCountry "BRA"]
[SourceTitle "EXT 2018"]
[Source "ChessBase"]
[SourceDate "2017.10.13"]
[SourceVersion "1"]
[SourceVersionDate "2017.10.13"]
[SourceQuality "1"]

1. e4 c5 2. d4 cxd4 3. c3 dxc3 4. Nxc3 d6 5. Bc4 Nc6 6. f4 e6 7. Nf3 a6 8. a4 Be7 9. Be3 Nf6 10. Ba2 0-0 11. 0-0 Ng4 12. Qe2 Nxe3 13. Qxe3 Rb8 14. Rad1 b5 15. axb5 axb5 16. e5 d5 17. f5 d4 18. Qf4 exf5 19. Nd5 Be6 20. Nxe7+ Qxe7 21. Bb1 Rbe8 22. Bxf5 Bxf5 23. Qxf5 Nxe5 24. Nxd4 Qb4 25. b3 Qc3 26. Kh1 b4 27. Nb5 Qxb3 28. Nc7 Re7 29. Nd5 Re6 30. Nc7 Re7 31. Nd5 Re6 32. Nc7 1/2-1/2

[Event "Campo Grande Caissa 2nd"]
[Site "Campo Grande"]
[Date "2016.05.12"]
[Round "1"]
[White "Gazineu Neto, Rubens"]
[Black "Ramirez, Jorge Guillermo"]
[Result "0-1"]
[WhiteElo "1963"]
[BlackElo "1690"]
[PlyCount "128"]
[EventDate "2016.05.12"]
[EventType "tourn"]
[EventRounds "9"]
[EventCountry "BRA"]
[SourceTitle "EXT 2018"]
[Source "ChessBase"]
[SourceDate "2017.10.13"]
[SourceVersion "1"]
[SourceVersionDate "2017.10.13"]
[SourceQuality "1"]

1. e4 c5 2. Nf3 Nc6 3. d4 cxd4 4. Nxd4 g6 5. Nc3 Bg7 6. Be3 Nf6 7. Bc4 0-0 8. Bb3 a5 9. a3 a4 10. Ba2 d6 11. Ndb5 Ra5 12. f3 Be6 13. Bxe6 fxe6 14. Qd2 Ne5 15. Qe2 Qd7 16. 0-0 Rc8 17. Rad1 Nc4 18. Bc1 Rxb5 19. Nxb5 Qxb5 20. c3 Nxa3 21. Qf2 Nc4 22. Kh1 Rf8 23. Qe2 Qc5 24. Qc2 Ra8 25. Rfe1 Nd7 26. f4 a3 27. b4 Qb5 28. Qb3 a2 29. Bb2 Nxb2 30. Qxb2 Qc4 31. e5 d5 32. Rd4 Qa6 33. Ra1 Nb6 34. b5 Qa5 35. Rd2 Nc4 36. Qxa2 Nxd2 37. Qxa5 Rxa5 38. Rxa5 Ne4 39. Ra7 Nc5 40. g3 g5 41. Kg2 gxf4 42. gxf4 h5 43. Ra8+ Kf7 44. Rc8 Nd3 45. Kf3 Bh6 46. c4 Bxf4 47. c5 Bxe5 48. c6 bxc6 49. bxc6 Bxh2 50. c7 Bxc7 51. Rxc7 e5 52. Rc6 e6 53. Rc7+ Kf6 54. Rh7 Nf4 55. Rh8 d4 56. Ke4 d3 57. Ke3 Ke7 58. Ra8 h4 59. Ra1 h3 60. Ke4 Kf6 61. Rf1 Kg5 62. Kxe5 h2 63. Rh1 d2 64. Ke4 Ne2 0-1

[Event "Ponta Pora Caissa 1st"]
[Site "Ponta Pora"]
[Date "2016.04.03"]
[Round "4"]
[White "Farias, Jose Nogueira de"]
[Black "Ramirez, Jorge Guillermo"]
[Result "1-0"]
[WhiteElo "1956"]
[BlackElo "1571"]
[PlyCount "55"]
[EventDate "2016.04.01"]
[EventType "tourn"]
[EventRounds "9"]
[EventCountry "BRA"]
[SourceTitle "EXT 2022"]
[Source "ChessBase"]
[SourceDate "2021.10.06"]
[SourceVersion "1"]
[SourceVersionDate "2021.10.06"]
[SourceQuality "1"]

1. e4 c5 2. Nf3 Nc6 3. d4 cxd4 4. Nxd4 g6 5. Nxc6 bxc6 6. Qd4 Nf6 7. e5 Nd5 8. e6 f6 9. exd7+ Bxd7 10. Bc4 e5 11. Qd1 Bg7 12. 0-0 Be6 13. b3 0-0 14. Bb2 Qe7 15. Ba3 Qc7 16. Bxf8 Bxf8 17. Qf3 f5 18. Nd2 Bg7 19. Qg3 Bf7 20. Rae1 Qa5 21. Nf3 e4 22. Ng5 Rf8 23. Nxf7 Rxf7 24. Qd6 Rf6 25. Qd7 Qxa2 26. Ra1 Qb2 27. Rxa7 Rf8 28. Qxc6 1-0

[Event "Misiones Posadas op"]
[Site "Misiones"]
[Date "2015.10.12"]
[Round "6"]
[White "Roman, Rodrigo"]
[Black "Ramirez, Jorge Guillermo"]
[Result "1-0"]
[WhiteElo "2053"]
[BlackElo "1500"]
[PlyCount "45"]
[EventDate "2015.10.10"]
[EventType "swiss"]
[EventRounds "6"]
[EventCountry "ARG"]
[SourceTitle "CBM 168 Extra"]
[Source "ChessBase"]
[SourceDate "2015.10.29"]
[SourceVersion "1"]
[SourceVersionDate "2015.10.29"]
[SourceQuality "1"]

1. g3 g6 2. Bg2 Bg7 3. c4 Nf6 4. Nc3 0-0 5. Nf3 d6 6. 0-0 Nc6 7. d4 e5 8. dxe5 dxe5 9. Bg5 h6 10. Qxd8 Rxd8 11. Bxf6 Bxf6 12. Nd5 Bg7 13. Nxc7 Rb8 14. e4 Bg4 15. Nd5 b5 16. cxb5 Rxb5 17. b3 f5 18. Nd2 fxe4 19. Nc3 Rxd2 20. Nxb5 Be2 21. Rfc1 Bxb5 22. a4 Nd4 23. Rc8+ 1-0

[Event "Misiones Posadas op"]
[Site "Misiones"]
[Date "2015.10.10"]
[Round "1"]
[White "Crotti, Lucas"]
[Black "Ramirez, Jorge Guillermo"]
[Result "0-1"]
[WhiteElo "2054"]
[BlackElo "1500"]
[PlyCount "80"]
[EventDate "2015.10.10"]
[EventType "swiss"]
[EventRounds "6"]
[EventCountry "ARG"]
[SourceTitle "CBM 168 Extra"]
[Source "ChessBase"]
[SourceDate "2015.10.29"]
[SourceVersion "1"]
[SourceVersionDate "2015.10.29"]
[SourceQuality "1"]

1. e4 c5 2. Nf3 Nc6 3. Bb5 g6 4. 0-0 Bg7 5. c3 Nf6 6. Re1 d5 7. e5 Nd7 8. Qa4 Qc7 9. d4 0-0 10. Bg5 Re8 11. Nbd2 a6 12. Bf1 b5 13. Qd1 e6 14. Rc1 c4 15. h3 b4 16. b3 bxc3 17. Rxc3 Qa5 18. Qa1 Nxd4 19. Nxd4 Nxe5 20. bxc4 Nxc4 21. Nxc4 dxc4 22. Rxc4 Qxg5 23. Qb1 a5 24. Nf3 Qf6 25. Ne5 Ba6 26. Rc7 Bxf1 27. Kxf1 Re7 28. Ng4 Qg5 29. Qb7 Rxc7 30. Qxa8+ Bf8 31. Qb8 Rc2 32. a4 h5 33. Ne3 Ra2 34. Qb3 Ra3 35. Qc2 Bg7 36. Qc8+ Kh7 37. Qd7 Qf4 38. Kg1 Ra2 39. Rf1 Bd4 40. Qe7 Rxf2 0-1

[Event "Misiones Posadas op"]
[Site "Misiones"]
[Date "2015.10.10"]
[Round "2"]
[White "Ramirez, Jorge Guillermo"]
[Black "Carlino, Esteban Ezequiel"]
[Result "0-1"]
[WhiteElo "1500"]
[BlackElo "1943"]
[PlyCount "44"]
[EventDate "2015.10.10"]
[EventType "swiss"]
[EventRounds "6"]
[EventCountry "ARG"]
[SourceTitle "CBM 168 Extra"]
[Source "ChessBase"]
[SourceDate "2015.10.29"]
[SourceVersion "1"]
[SourceVersionDate "2015.10.29"]
[SourceQuality "1"]

1. e4 c5 2. Nf3 e6 3. d3 d5 4. Nbd2 Nf6 5. g3 b6 6. Bg2 Bb7 7. Qe2 Nc6 8. 0-0 Be7 9. c3 dxe4 10. Nxe4 0-0 11. Re1 Qd7 12. Nxf6+ Bxf6 13. Bg5 Bxg5 14. Nxg5 h6 15. Ne4 Rad8 16. Rad1 Ba6 17. c4 Nd4 18. Qg4 f5 19. Qg6 fxe4 20. Bxe4 Nf3+ 21. Bxf3 Rxf3 22. Rxe6 Bxc4 0-1